Largest cities starting with U in each country - Statistics

General Stats
  • This quiz has been taken 25 times
  • The average score is 8 of 114
Answers on the Map
Answers color-coded by a green-red scale on the quiz's map according to % correct below.
 
Answer Stats
Country Population Answer % Correct
Federated States of Micronesia 2,300 U
100%
Mongolia 1,672,600 Ulaanbaatar
76%
Russia 1,120,500 Ufa
71%
China 4,054,000 Urumqi
67%
(The) Netherlands 489,700 Utrecht
62%
Sweden 177,100 Uppsala
52%
Germany 126,900 Ulm
48%
Italy 100,200 Udine
38%
South Korea 1,111,700 Ulsan
38%
Brazil 713,200 Uberlandia
19%
(The) United States of America 79,000 Upland
19%
Argentina 82,600 Ushuaia
14%
Thailand 130,500 Udon Thani
10%
Angola 616,600 Uige
10%
South Africa 228,900 Uitenhage
10%
India 515,200 Ujjain
10%
(The) United Arab Emirates 59,100 Umm Al Quwain
10%
Mexico 299,500 Uruapan
10%
Switzerland 34,700 Uster
10%
Czechia 92,000 Usti nad Labem
10%
(The) Democratic Republic of the Congo 590,000 Uvira
10%
Austria 3,200 Umhausen
5%
Iraq 107,600 Umm Qasr
5%
Nigeria 527,400 Umuahia
5%
Paraguay 1,800 Union
5%
Venezuela 168,900 Upata
5%
Bhutan 2,300 Ura
5%
(The) Philippines 144,600 Urdaneta
5%
Colombia 198,900 Uribia
5%
Iran 736,200 Urmia
5%
Turkey 236,400 Usak
5%
Poland 16,100 Ustron
5%
Slovenia 400 Utik
5%
Japan 513,600 Utsunomiya
5%
Finland 14,900 Uusikaupunki
5%
Bolivia 29,700 Uyuni
5%
Ukraine 115,400 Uzhhorod
5%
Nauru 300 Uaboe
0%
Guinea-Bissau 100 Uacaba
0%
East Timor 18,900 Uato-Lari Administrative Post
0%
Guatemala 800 Uaxactun
0%
Libya 35,000 Ubari
0%
(The) Dominican Republic 2,200 Ubilla
0%
Peru 17,700 Uchiza
0%
Kyrgyzstan 14,700 Uch-Korgon
0%
Georgia 56,500 Uchvarsi
0%
(The) United Kingdom 14,500 Uckfield
0%
São Tomé and Príncipe 500 Uda Budo
0%
Somalia 22,900 Ufeyn
0%
Bulgaria 2,400 Ugarchin
0%
Kenya 17,000 Ugunja
0%
Slovakia 1,500 Uhrovec
0%
Guyana 3,000 Uitvlugt
0%
Azerbaijan 17,100 Ujar
0%
Hungary 13,600 Ujfeherto
0%
Brunei 40 Ujong Klinik
0%
Papua New Guinea 600 Ukarumpa
0%
Botswana 500 Ukwi
0%
Montenegro 10,700 Ulcinj
0%
Burkina Faso 200 Uleo
0%
Palau 600 Ulimang
0%
Australia 17,000 Ulladulla
0%
Denmark 2,600 Ullerslev
0%
Mozambique 25,300 Ulongue
0%
Norway 5,800 Ulsteinvik
0%
Jamaica 1,400 Ulster Spring
0%
Croatia 12,700 Umag
0%
Pakistan 134,100 Umerkot
0%
Israel 58,700 Umm al-Fahm
0%
Bahrain 10 Umm an Nasan
0%
Jordan 18,300 Umm as Summaq
0%
Morocco (Western Sahara) 3,000 Umm Dreiga
0%
Qatar 26,100 Umm Ghuwailina
0%
Sudan 55,700 Umm Ruwaba
0%
Syria 7,500 Umm Walad
0%
Saudi Arabia 184,600 Unaizah
0%
Moldova 30,800 Ungheni
0%
(The) Maldives 1,500 Ungoofaaru
0%
Portugal 1,000 Unhais da Serra
0%
Cuba 35,000 Union de Reyes
0%
Mauritius 4,900 Union Park
0%
Grenada 1,700 Union Village
0%
Trinidad & Tobago 1,200 Union Village
0%
Belize 1,000 Unitedville
0%
Canada 2,600 Unity
0%
Vietnam 121,000 Uong Bi
0%
Costa Rica 44,000 Upala
0%
New Zealand 48,300 Upper Hutt
0%
SIngapore 29,500 Upper Thomson
0%
Albania 7,200 Ura Vajgurore
0%
Ecuador 4,500 Urcuqui
0%
Bosnia & Herzegovina 1,800 Urga
0%
Uzbekistan 145,000 Urgench
0%
Afghanistan 10,700 Urgun
0%
Bangladesh 13,300 Urir Char
0%
Nepal 70,900 Urlabari
0%
Ireland 1,000 Urlingford
0%
Antigua & Barbuda 700 Urlings
0%
Armenia 3,000 Urtsadzor
0%
Tanzania 7,400 Urusi
0%
Romania 13,400 Urziceni
0%
Namibia 3,600 Usakos
0%
Kazakhstan 200 Ushtagan
0%
El Salvador 73,100 Usulutan
0%
Lithuania 25,400 Utena
0%
Honduras 5,200 Utila
0%
Kiribati 800 Utiroa
0%
Tajikistan 6,600 Utogar
0%
Spain 52,600 Utrera
0%
Samoa 500 Utuali'i
0%
Tonga 600 'Utulau
0%
France (French Polynesia) 3,700 Uturoa
0%
Belarus 10,600 Uzda
0%
Serbia 55,000 Uzice
0%
No matching quizzes found
Score Distribution
Percent of People with Each Score
Percentile by Number Answered
Your Score History
You have not taken this quiz